| 000 | 00953nam a2200253 a 4500 | ||
|---|---|---|---|
| 001 | |||
| 003 | DO-SdBNP | ||
| 005 | 20211005120218.0 | ||
| 008 | 110329s2005 dr 001 0 spa d | ||
| 040 |
_aDO-SdBNP _bspa _cBPSMU |
||
| 082 |
_a324.97293 _bF363d 2005 _222 |
||
| 100 | 1 | _aFernández, Rafael | |
| 245 | 1 | 4 |
_aLas disidencias en los partidos políticos tradicionales / _cRafael Fernández ; prólogo por Rafael Alburquerque. |
| 260 |
_aSanto Domingo : _bUniversitaria, _c2005. |
||
| 300 |
_a123 p. ; _c21 cm. |
||
| 490 | 0 |
_aPublicaciones de la Universidad Autónoma de Santo Domingo ; _aComunicación y sociedad ; _v1203/6 |
|
| 500 | _aIncluye datos biográficos del autor en la contracubierta. | ||
| 590 | _aInventariado, 2021/VM | ||
| 650 | 4 |
_aPartidos políticos _zRepública Dominicana |
|
| 651 | 4 |
_aRepública Dominicana _xPolítica Y Gobierno _y1961- |
|
| 700 | 1 |
_aAlburquerque, Rafael, _epról. |
|
| 910 | _aVMateo V. | ||
| 942 |
_2ddc _cBK |
||
| 999 |
_c13761 _d13761 |
||